Normal view
MARC view
- R. Bayron Pipes
Entry Corporate Name
001 - CONTROL NUMBER
- control field: 124609
003 - CONTROL NUMBER IDENTIFIER
- control field: NUST
005 - DATE AND TIME OF LATEST TRANSACTION
- control field: 20240719095439.0
008 - FIXED-LENGTH DATA ELEMENTS
- fixed length control field: 240719|| aca||aabn | a|a d
040 ## - CATALOGING SOURCE
- Original cataloging agency: NUST
- Transcribing agency: NUST
110 ## - HEADING--CORPORATE NAME
- Corporate name or jurisdiction name as entry element: R. Bayron Pipes
670 ## - SOURCE DATA FOUND
- Source citation: Work cat.: (NUST): Leif A. Carlsson 124608, Experimental Characterization of advanced Composite Materials, 1997.
